| Tag |
First Indicator |
Second Indicator |
Subfields |
| LEADER |
00000cam a2200000 i 4500 |
| 001 |
in00000038724 |
| 005 |
20151007081237.0 |
| 008 |
780210r19761974miua b 00010 eng d |
| 035 |
|
|
|a (OCoLC)03625666
|
| 035 |
|
|
|9 AAF6091AM
|
| 040 |
|
|
|a TXA
|c TXA
|d UtOrBLW
|
| 049 |
|
|
|a TXAM
|c [1396933]
|
| 090 |
|
|
|a QC157
|b .K33 1974a
|
| 100 |
1 |
|
|a Kaye, George Thomas.
|
| 245 |
1 |
0 |
|a Observations of short period internal waves generated by shear flow instability /
|c by George Thomas Kaye.
|
| 264 |
|
1 |
|a [Ann Arbor, Mich.] :
|b Kaye,
|c 1974.
|
| 300 |
|
|
|a xi, 156 leaves :
|b illustrations
|
| 336 |
|
|
|a text
|b txt
|2 rdacontent
|
| 337 |
|
|
|a unmediated
|b n
|2 rdamedia
|
| 338 |
|
|
|a volume
|b nc
|2 rdacarrier
|
| 500 |
|
|
|a Photocopy of typescript. Ann Arbor, Mich. : University Microfilms International, 1976. -- 21 cm.
|
| 502 |
|
|
|c University of Michigan.
|
| 504 |
|
|
|a Bibliography: leaves 153-156.
|
| 650 |
|
0 |
|a Internal waves.
|
| 650 |
|
0 |
|a Shear flow.
|
| 999 |
|
|
|a MARS
|
| 999 |
f |
f |
|s 40d0481e-0bec-36a0-9ddf-4586ccb433f4
|i b53b320f-f1bd-3c93-b698-f852c4099d40
|t 0
|
| 952 |
f |
f |
|p ric
|a Texas A&M University
|b Rellis Campus
|c Joint Library Facility
|d Remote Storage
|t 0
|e QC157 .K33 1974a
|h Library of Congress classification
|i unmediated -- volume
|m A14804602233
|
| 998 |
f |
f |
|a QC157 .K33 1974a
|t 0
|l Remote Storage
|